|
|
|
|
| LEADER |
01852nam a2200433 i 4500 |
| 001 |
EBC5495468 |
| 003 |
MiAaPQ |
| 005 |
20200215074535.0 |
| 006 |
m o d | |
| 007 |
cr cnu|||||||| |
| 008 |
200215s2018 enk o 000 0 eng d |
| 020 |
|
|
|z 9781783744794
|
| 020 |
|
|
|a 9781783744800 (e-book)
|
| 035 |
|
|
|a (MiAaPQ)EBC5495468
|
| 035 |
|
|
|a (Au-PeEL)EBL5495468
|
| 035 |
|
|
|a (OCoLC)1043381167
|
| 040 |
|
|
|a MiAaPQ
|b eng
|e rda
|e pn
|c MiAaPQ
|d MiAaPQ
|
| 043 |
|
|
|a e-sz---
|
| 050 |
|
4 |
|a RA408.M5
|b .J677 2018
|
| 082 |
0 |
|
|a 362.1086912
|2 23
|
| 100 |
1 |
|
|a Jossen, Marianne,
|e author.
|
| 245 |
1 |
0 |
|a Undocumented migrants and healthcare :
|b eight stories from Switzerland /
|c Marianne Jossen.
|
| 264 |
|
1 |
|a Cambridge, UK :
|b Open Book Publishers,
|c [2018]
|
| 264 |
|
4 |
|c 2018
|
| 300 |
|
|
|a 1 online resource (118 pages).
|
| 336 |
|
|
|a text
|b txt
|2 rdacontent
|
| 337 |
|
|
|a computer
|b c
|2 rdamedia
|
| 338 |
|
|
|a online resource
|b cr
|2 rdacarrier
|
| 490 |
1 |
|
|a Open Reports Series ;
|v Volume 6
|
| 588 |
|
|
|a Description based on print version record.
|
| 590 |
|
|
|a Electronic reproduction. Ann Arbor, MI : ProQuest, 2018. Available via World Wide Web. Access may be limited to ProQuest affiliated libraries.
|
| 650 |
|
0 |
|a Emigration and immigration
|x Health aspects.
|
| 650 |
|
0 |
|a Equality
|x Health aspects
|z Switzerland
|v Case studies.
|
| 650 |
|
0 |
|a Health services accessibility
|z Switzerland
|v Case studies.
|
| 655 |
|
4 |
|a Electronic books.
|
| 776 |
0 |
8 |
|i Print version:
|a Jossen, Marianne.
|t Undocumented migrants and healthcare : eight stories from Switzerland.
|d Cambridge, UK : Open Book Publishers, c2018
|h 118 pages
|k Open Reports series ; Volume 6.
|z 9781783744794
|
| 797 |
2 |
|
|a ProQuest (Firm)
|
| 830 |
|
0 |
|a Open Reports series ;
|v Volume 6.
|
| 856 |
4 |
0 |
|u https://ebookcentral.proquest.com/lib/matrademy/detail.action?docID=5495468
|z Click to View
|